000 00720nam a2200229 a 4500
008
020 _a0582050529 (pbk.)
049 _aMAIN
090 _aQC145.2
_bDOU
100 1 _aDouglas, J. F.
245 1 0 _aSolving problems in fluid mechanics :
_bVolume 2 /
_cJ. F. Douglas.
260 _aHarlow. :
_bLongman Scientific&Technical ,
_c1986.
300 _a264 p. :
_bill. ;
_c25 cm.
500 _aIncludes index.
500 _aIncludes bibliographical references.
650 0 _aFluid mechanics
_xProblems, exercises in fluid mechanics.
907 _a.b10185744
_b19-07-13
_c16-01-06
003
005 20230123134250.0
040 _cNUST
942 _cBOOKS
_kQC145.2
_mDOU
999 _c162900
_d162900